| 000 | 00475nam a2200181 a 4500 | ||
|---|---|---|---|
| 001 | 73 | ||
| 003 | CDMR | ||
| 005 | 20131024133209.0 | ||
| 008 | 130130s1990||||||||||||||||||||||||||||d | ||
| 020 | _a8485874382 | ||
| 040 |
_aCDMR _bcat _cCDMR |
||
| 100 | 1 |
_aGil Bonancia, Miquel _971 |
|
| 245 | 1 | 0 |
_a50 anys de Ràdio Girona, 1933-1983 _cMiquel Gil Bonancia |
| 260 |
_aGirona _c1990 _bCarles Vallés |
||
| 300 | _a167 p. | ||
| 650 | 0 | 4 |
_93756 _aRàdio local _zCatalunya |
| 942 |
_cMON _2ddc |
||
| 999 |
_c73 _d73 |
||